[Event "25. Open Internacional de Parla 2010"]
[Site "Parla ESP"]
[Date "2010.09.10"]
[Round "7.45"]
[White "Fariñas Lucas, Juan Antonio"]
[Black "Tolosana Esteban, Enrique"]
[Result "0-1"]
[WhiteElo "1671"]
[BlackElo "1772"]
[PlyCount "112"]
[EventDate "2010.09.04"]
[EventType "swiss"]
[EventRounds "9"]
[EventCountry "ESP"]
[Source "lmi"]
[SourceDate "2010.09.04"]

1. e4 Nc6 2. d4 d5 3. e5 Bf5 4. c3 e6 5. Bd3 Bxd3 6. Qxd3 Qh4 7. Be3 Qg4 8. g3
Qg6 9. Qxg6 hxg6 10. Nd2 O-O-O 11. O-O-O Na5 12. Bg5 Rd7 13. Ngf3 b5 14. Kc2 c5
15. b3 Nc6 16. Be3 c4 17. b4 Be7 18. a3 Rh3 19. Ng5 Bxg5 20. Bxg5 f6 21. exf6
gxf6 22. Be3 Rdh7 23. Nf3 g5 24. Rdg1 Nh6 25. Rg2 Ng4 26. Kd2 Ne7 27. Ke2 Nf5
28. Bc1 Nd6 29. Kf1 Ne4 30. Bb2 Ne3+ 31. fxe3 Nxg3+ 32. hxg3 Rxh1+ 33. Ng1 g4
34. Kf2 f5 35. Bc1 a6 36. Bb2 Kc7 37. Bc1 Kd6 38. Kf1 R7h2 39. Bd2 Rxg2 40.
Kxg2 Rh7 41. Ne2 Ra7 42. Bc1 a5 43. Kf2 axb4 44. cxb4 Rh7 45. Kg2 Rc7 46. Nc3
Kc6 47. Kf2 Ra7 48. Kg2 Ra8 49. Kf2 Rb8 50. Kg2 Rb7 51. Kf2 Kd6 52. Kg2 e5 53.
Kf2 Ke6 54. Kg2 f4 55. exf4 exd4 56. Nb1 c3 0-1

[Event "25. Open Internacional de Parla 2010"]
[Site "Parla ESP"]
[Date "2010.09.10"]
[Round "7.47"]
[White "Martinez Miura, Enrique"]
[Black "Cerrato Sampablo, Antonio"]
[Result "1/2-1/2"]
[WhiteElo "1731"]
[BlackElo "1621"]
[PlyCount "73"]
[EventDate "2010.09.04"]
[EventType "swiss"]
[EventRounds "9"]
[EventCountry "ESP"]
[Source "lmi"]
[SourceDate "2010.09.04"]

1. e4 c5 2. c4 Nc6 3. Nc3 e6 4. g3 g6 5. Bg2 Nf6 6. Nge2 Bg7 7. O-O O-O 8. d3
e5 9. Bg5 h6 10. Bd2 d6 11. h3 a6 12. a4 Bd7 13. Nd5 Nxd5 14. cxd5 Nd4 15. Nxd4
cxd4 16. Qb3 b5 17. a5 Bf6 18. Bxh6 Re8 19. Bd2 Kg7 20. f4 Rh8 21. Kh2 Bg4 22.
Rf2 Qd7 23. Raf1 Bxh3 24. Kg1 Bxg2 25. Rxg2 Rh7 26. Kf2 Rah8 27. Qc2 Rh2 28.
Rfg1 Qh3 29. Qc1 Qg4 30. Qd1 Rxg2+ 31. Kxg2 Qh3+ 32. Kf2 Qd7 33. Rh1 Qd8 34.
Kg2 exf4 35. Bxf4 Rxh1 36. Qxh1 Bg5 37. Bxg5 1/2-1/2

[Event "25. Open Internacional de Parla 2010"]
[Site "Parla ESP"]
[Date "2010.09.10"]
[Round "7.49"]
[White "Garcia Andrinal, Antonio"]
[Black "Martin Garcia, Francisco Javier"]
[Result "0-1"]
[WhiteElo "1748"]
[BlackElo "1575"]
[PlyCount "46"]
[EventDate "2010.09.04"]
[EventType "swiss"]
[EventRounds "9"]
[EventCountry "ESP"]
[Source "lmi"]
[SourceDate "2010.09.04"]

1. e4 c5 2. Nf3 d6 3. d4 cxd4 4. Nxd4 Nf6 5. Nc3 a6 6. Bc4 e6 7. Bb3 b5 8. O-O
Be7 9. Be3 O-O 10. Kh1 b4 11. Na4 Nxe4 12. Qg4 d5 13. Qf3 Bd7 14. Ne2 Bxa4 15.
Bxa4 Nd7 16. Ng3 Ndc5 17. Nxe4 dxe4 18. Qg4 Nxa4 19. Rad1 Qc7 20. Bf4 e5 21.
Bh6 Bf6 22. Rd7 Qc8 23. Rfd1 Nc5 0-1

[Event "25. Open Internacional de Parla 2010"]
[Site "Parla ESP"]
[Date "2010.09.10"]
[Round "7.52"]
[White "Martinez Soler, Manuel"]
[Black "Sousa Barreiro, Bieito"]
[Result "0-1"]
[WhiteElo "1563"]
[BlackElo "1676"]
[PlyCount "94"]
[EventDate "2010.09.04"]
[EventType "swiss"]
[EventRounds "9"]
[EventCountry "ESP"]
[Source "lmi"]
[SourceDate "2010.09.04"]

1. d4 c5 2. d5 Nf6 3. c4 b5 4. b3 d6 5. Nd2 g6 6. Bb2 Bg7 7. Ngf3 O-O 8. e3
bxc4 9. Bxc4 Nbd7 10. O-O Nb6 11. e4 Nxc4 12. bxc4 Rb8 13. Qc2 Rxb2 14. Qxb2
Nxe4 15. Qc2 Nxd2 16. Nxd2 Bxa1 17. Rxa1 Bf5 18. Qc3 Qb6 19. a3 Rb8 20. h3 Qb2
21. Qxb2 Rxb2 22. Nf1 Rc2 23. Ne3 Rc3 24. Kf1 Bd3+ 25. Ke1 Bxc4 26. Kd2 Rd3+
27. Kc2 Rd4 28. Rd1 Rxd1 29. Kxd1 Bb5 30. Kd2 Kg7 31. h4 Kf6 32. Ng4+ Kg7 33.
f4 h6 34. Ke3 f6 35. g3 g5 36. hxg5 hxg5 37. f5 Kf8 38. Kd2 Ke8 39. Nh6 Bc4 40.
Ng4 Bxd5 41. Ne3 Bf7 42. a4 Kd7 43. Kc3 Kc6 44. Nc2 d5 45. Kd3 d4 46. Nxd4+
cxd4 47. Kxd4 Bb3 0-1

[Event "25. Open Internacional de Parla 2010"]
[Site "Parla ESP"]
[Date "2010.09.10"]
[Round "7.55"]
[White "Suarez Prieto, Leopoldo"]
[Black "Ojosnegros Martin, Angel"]
[Result "1-0"]
[WhiteElo "1815"]
[BlackElo "1384"]
[PlyCount "55"]
[EventDate "2010.09.04"]
[EventType "swiss"]
[EventRounds "9"]
[EventCountry "ESP"]
[Source "lmi"]
[SourceDate "2010.09.04"]

1. e4 e6 2. d4 d5 3. Bd3 Nf6 4. e5 Nfd7 5. f4 c5 6. c3 c4 7. Bc2 Qb6 8. Nf3 Nc6
9. O-O Be7 10. Kh1 Nf8 11. b4 Bd7 12. Ng5 Bxg5 13. fxg5 Ng6 14. a4 Qc7 15. b5
Na5 16. Ba3 b6 17. Bd6 Qb7 18. Nd2 Rd8 19. Qf3 Bc8 20. Rf2 Rd7 21. Raf1 Rg8 22.
Ne4 Nh4 23. Qh5 Ng6 24. Qxh7 Rh8 25. Qxg7 dxe4 26. Qxg6 Rxd6 27. Rxf7 Qxf7 28.
Qxf7+ 1-0

[Event "25. Open Internacional de Parla 2010"]
[Site "Parla ESP"]
[Date "2010.09.10"]
[Round "7.60"]
[White "Fernandez Cabello, Emilio"]
[Black "Nieto Esteban, Manuel"]
[Result "0-1"]
[WhiteElo "1809"]
[BlackElo "1823"]
[PlyCount "34"]
[EventDate "2010.09.04"]
[EventType "swiss"]
[EventRounds "9"]
[EventCountry "ESP"]
[Source "lmi"]
[SourceDate "2010.09.04"]

1. e4 e5 2. Bc4 Nf6 3. d4 Nc6 4. Nf3 exd4 5. e5 d5 6. exf6 dxc4 7. Qe2+ Be6 8.
fxg7 Bxg7 9. O-O Qd7 10. Nbd2 d3 11. cxd3 cxd3 12. Qd1 O-O-O 13. Ne4 Qd5 14.
Nc3 Qh5 15. Qa4 Rhg8 16. Bd2 Bxc3 17. bxc3 Qxf3 0-1

[Event "25. Open Internacional de Parla 2010"]
[Site "Parla ESP"]
[Date "2010.09.11"]
[Round "8.1"]
[White "Corrales Jimenez, Fidel"]
[Black "Abreu Delgado, Aryam"]
[Result "1/2-1/2"]
[WhiteElo "2599"]
[BlackElo "2473"]
[PlyCount "30"]
[EventDate "2010.09.04"]
[EventType "swiss"]
[EventRounds "9"]
[EventCountry "ESP"]
[Source "lmi"]
[SourceDate "2010.09.04"]

1. e4 c5 2. Nf3 d6 3. d4 cxd4 4. Nxd4 Nf6 5. Nc3 a6 6. Be3 Ng4 7. Bg5 h6 8. Bh4
g5 9. Bg3 Bg7 10. Qd2 Qb6 11. Nb3 Be6 12. O-O-O Nc6 13. f3 Ne3 14. Bf2 Nxf1 15.
Rhxf1 Qb4 1/2-1/2

[Event "25. Open Internacional de Parla 2010"]
[Site "Parla ESP"]
[Date "2010.09.11"]
[Round "8.2"]
[White "Vazquez Igarza, Renier"]
[Black "Strikovic, Aleksa"]
[Result "1/2-1/2"]
[WhiteElo "2535"]
[BlackElo "2560"]
[PlyCount "21"]
[EventDate "2010.09.04"]
[EventType "swiss"]
[EventRounds "9"]
[EventCountry "ESP"]
[Source "lmi"]
[SourceDate "2010.09.04"]

1. Nf3 c5 2. c4 g6 3. e4 Bg7 4. d4 cxd4 5. Nxd4 Nc6 6. Be3 Nf6 7. Nc3 O-O 8.
Be2 d6 9. O-O Bd7 10. Qd2 Nxd4 11. Bxd4 1/2-1/2

[Event "25. Open Internacional de Parla 2010"]
[Site "Parla ESP"]
[Date "2010.09.11"]
[Round "8.3"]
[White "Taboas Rodriguez, Daniel"]
[Black "Barria Zuñiga, Daniel"]
[Result "1/2-1/2"]
[WhiteElo "2381"]
[BlackElo "2419"]
[PlyCount "20"]
[EventDate "2010.09.04"]
[EventType "swiss"]
[EventRounds "9"]
[EventCountry "ESP"]
[Source "lmi"]
[SourceDate "2010.09.04"]

1. d4 Nf6 2. c4 e6 3. Nc3 Bb4 4. e3 O-O 5. Bd3 c5 6. Nf3 d5 7. O-O dxc4 8. Bxc4
Qe7 9. a3 Ba5 10. Qe2 Rd8 1/2-1/2

[Event "25. Open Internacional de Parla 2010"]
[Site "Parla ESP"]
[Date "2010.09.11"]
[Round "8.4"]
[White "Rubio Mejia, Luis Ignacio"]
[Black "Hernando Pertierra, Jose Carlos"]
[Result "1-0"]
[WhiteElo "2373"]
[BlackElo "2386"]
[PlyCount "109"]
[EventDate "2010.09.04"]
[EventType "swiss"]
[EventRounds "9"]
[EventCountry "ESP"]
[Source "lmi"]
[SourceDate "2010.09.04"]

1. d4 Nf6 2. c4 e6 3. Nc3 Bb4 4. e3 d6 5. Nge2 Ne4 6. Qc2 f5 7. g3 Bd7 8. Bg2
Bc6 9. d5 exd5 10. cxd5 Bxd5 11. O-O Bxc3 12. Nxc3 Nxc3 13. Qxc3 Bxg2 14. Qxg7
Rf8 15. Kxg2 Qd7 16. Qxd7+ Kxd7 17. b3 a5 18. a3 Na6 19. Bd2 Nc5 20. Rab1 a4
21. b4 Nb3 22. Bc3 Ra6 23. Rfd1 Rc6 24. Rd3 Rc4 25. Rbd1 b5 26. h3 Ra8 27. Kf3
h5 28. h4 Ra6 29. Bh8 Ke6 30. Bc3 Rac6 31. Be1 Rc1 32. Kf4 Rxd1 33. Rxd1 Rc1
34. Rxc1 Nxc1 35. Kg5 Nd3 36. Bc3 Nxf2 37. Kxh5 Ne4 38. Ba1 Kf7 39. g4 fxg4 40.
Kxg4 Nd2 41. h5 Nc4 42. Kg5 Nd2 43. h6 Ne4+ 44. Kf5 Ng3+ 45. Kg4 Kg6 46. Kxg3
Kxh6 47. Kf4 Kg6 48. Ke4 c6 49. Kd4 Kf5 50. e4+ Kf4 51. e5 dxe5+ 52. Kc5 e4 53.
Kxc6 Ke3 54. Kxb5 Kd3 55. Bf6 1-0

[Event "25. Open Internacional de Parla 2010"]
[Site "Parla ESP"]
[Date "2010.09.11"]
[Round "8.5"]
[White "Del Rio de Angelis, Salvador G"]
[Black "Sanchez Gonzalez, Sergio"]
[Result "1-0"]
[WhiteElo "2515"]
[BlackElo "2288"]
[PlyCount "91"]
[EventDate "2010.09.04"]
[EventType "swiss"]
[EventRounds "9"]
[EventCountry "ESP"]
[Source "lmi"]
[SourceDate "2010.09.04"]

1. d4 Nf6 2. c4 e6 3. Nc3 Bb4 4. e3 O-O 5. Bd3 d5 6. Nf3 c5 7. O-O Nc6 8. a3
Bxc3 9. bxc3 dxc4 10. Bxc4 Qc7 11. Qc2 e5 12. Bd3 Re8 13. dxe5 Nxe5 14. Nxe5
Qxe5 15. f3 Be6 16. e4 c4 17. Be2 Qc5+ 18. Kh1 b5 19. a4 b4 20. cxb4 Qxb4 21.
Rb1 Qe7 22. Bg5 Rac8 23. Rfd1 Qa3 24. Bc1 Qc5 25. Rb5 Qc7 26. Qc3 Red8 27.
Rxd8+ Qxd8 28. Be3 Qd7 29. Kg1 Ne8 30. Kf2 a6 31. Rb4 Nd6 32. Rb6 Rc6 33. Rb8+
Rc8 34. Rxc8+ Qxc8 35. Qe5 Ne8 36. Qc5 c3 37. Qxc8 Bxc8 38. Bd1 Nd6 39. Bd4 f6
40. Bb3+ Kf8 41. Bxc3 Ke8 42. e5 fxe5 43. Bxe5 Kd7 44. Bxg7 Kc6 45. g4 Kc5 46.
Bf8 1-0

[Event "25. Open Internacional de Parla 2010"]
[Site "Parla ESP"]
[Date "2010.09.11"]
[Round "8.6"]
[White "Gomez Garrido, Camilo"]
[Black "Castaño Vanegas, Henry Augusto"]
[Result "1-0"]
[WhiteElo "2514"]
[BlackElo "2205"]
[PlyCount "89"]
[EventDate "2010.09.04"]
[EventType "swiss"]
[EventRounds "9"]
[EventCountry "ESP"]
[Source "lmi"]
[SourceDate "2010.09.04"]

1. e4 d6 2. d4 Nf6 3. Nc3 g6 4. f4 Bg7 5. Nf3 c5 6. dxc5 Qa5 7. Bd3 Qxc5 8. Qe2
O-O 9. Be3 Qc7 10. O-O Bg4 11. h3 Bxf3 12. Qxf3 Nc6 13. a3 e6 14. Rad1 Qe7 15.
Qf2 h6 16. Ne2 Rfd8 17. c3 b6 18. Bb1 Rac8 19. Rde1 Na5 20. f5 exf5 21. exf5 g5
22. Ng3 Qf8 23. Bd4 d5 24. Bxf6 Bxf6 25. Nh5 Rc6 26. Kh1 Qc5 27. Qc2 Qc4 28.
Rf2 Qh4 29. Qe2 Nb3 30. Bd3 Rcd6 31. g3 Qa4 32. Bb5 Qa5 33. Be8 Qc5 34. Ba4 Na5
35. Bc2 Nc4 36. Bb3 Na5 37. Ba2 Nc6 38. Rf3 d4 39. b4 Qe5 40. Qf1 d3 41. Rxe5
Nxe5 42. Re3 d2 43. Nxf6+ Rxf6 44. Bb3 Rfd6 45. Rxe5 1-0

[Event "25. Open Internacional de Parla 2010"]
[Site "Parla ESP"]
[Date "2010.09.11"]
[Round "8.7"]
[White "Gongora Reyes, Maikel"]
[Black "Madina Yadarola, Martin"]
[Result "1-0"]
[WhiteElo "2468"]
[BlackElo "2254"]
[PlyCount "117"]
[EventDate "2010.09.04"]
[EventType "swiss"]
[EventRounds "9"]
[EventCountry "ESP"]
[Source "lmi"]
[SourceDate "2010.09.04"]

1. d4 d5 2. c4 e6 3. Nf3 Nf6 4. g3 Bb4+ 5. Bd2 Be7 6. Bg2 Ne4 7. O-O O-O 8. Qc2
c6 9. Bf4 Nd7 10. Nbd2 g5 11. Be3 f5 12. Nxe4 fxe4 13. Nd2 Bf6 14. Qb3 Qb6 15.
cxd5 Qxb3 16. Nxb3 exd5 17. Rac1 Be7 18. a3 a5 19. f3 exf3 20. exf3 a4 21. Nd2
Nb6 22. Rfe1 Bf6 23. g4 Re8 24. Bf2 Bd7 25. Bf1 Rxe1 26. Rxe1 Re8 27. Rc1 Be6
28. Bd3 Bf7 29. Kf1 Kg7 30. Rb1 Nc4 31. Bxc4 dxc4 32. Ne4 Rd8 33. Rd1 Be7 34.
Ke2 Re8 35. Bg3 Rd8 36. Be5+ Kg6 37. Rh1 Bd5 38. Ke3 b5 39. h4 gxh4 40. f4 c3
41. bxc3 Bxe4 42. Kxe4 Bxa3 43. Rxh4 Bb2 44. Rh5 Rf8 45. f5+ Rxf5 46. Rxf5 a3
47. Rf6+ Kg5 48. Rxc6 a2 49. Ra6 a1=Q 50. Rxa1 Bxa1 51. d5 Kg6 52. c4 Bxe5 53.
Kxe5 bxc4 54. Kd4 Kf6 55. Kxc4 Ke7 56. Kc5 Kd7 57. g5 Kc7 58. d6+ Kd7 59. Kd5
1-0

[Event "25. Open Internacional de Parla 2010"]
[Site "Parla ESP"]
[Date "2010.09.11"]
[Round "8.8"]
[White "Roa Alonso, Santiago"]
[Black "Ramirez Garcia, Jorge Alberto"]
[Result "1-0"]
[WhiteElo "2454"]
[BlackElo "2246"]
[PlyCount "93"]
[EventDate "2010.09.04"]
[EventType "swiss"]
[EventRounds "9"]
[EventCountry "ESP"]
[Source "lmi"]
[SourceDate "2010.09.04"]

1. e4 e6 2. d4 d5 3. Nc3 Nf6 4. e5 Nfd7 5. Nce2 c5 6. c3 f6 7. Nf4 Qe7 8. Qh5+
Qf7 9. Qh3 Nb6 10. Bd3 Qg8 11. exf6 gxf6 12. Nf3 e5 13. Qh5+ Qf7 14. dxe5 Qxh5
15. Nxh5 fxe5 16. Nxe5 Bd6 17. Bb5+ Ke7 18. Bg5+ Ke6 19. Ng7+ Kxe5 20. O-O-O d4
21. c4 Nxc4 22. Bxc4 Bf8 23. Rhe1+ Kd6 24. Bf6 Bd7 25. Ne8+ Bxe8 26. Re6+ Kd7
27. Bxh8 Nc6 28. Be5 b5 29. Bd5 Nb4 30. Rf6 Nxd5 31. Rxf8 Nb4 32. Bxd4 Nxa2+
33. Kb1 cxd4 34. Rxd4+ Ke7 35. Rf3 Rc8 36. Kxa2 Bf7+ 37. Ka3 a5 38. Re4+ Kf8
39. Ref4 Rc7 40. Rxf7+ Rxf7 41. Rxf7+ Kxf7 42. g4 Ke6 43. f4 Kd5 44. h4 Ke4 45.
f5 Ke5 46. h5 h6 47. Kb3 1-0

[Event "25. Open Internacional de Parla 2010"]
[Site "Parla ESP"]
[Date "2010.09.11"]
[Round "8.9"]
[White "Ramos Aldoradin, John Paul"]
[Black "Elissalt Cardenas, Hector"]
[Result "0-1"]
[WhiteElo "2126"]
[BlackElo "2357"]
[PlyCount "86"]
[EventDate "2010.09.04"]
[EventType "swiss"]
[EventRounds "9"]
[EventCountry "ESP"]
[Source "lmi"]
[SourceDate "2010.09.04"]

1. e4 c6 2. d4 d5 3. e5 Bf5 4. Nf3 e6 5. Be2 Ne7 6. O-O h6 7. b3 Nd7 8. Ba3 g5
9. Bd6 Bg7 10. c4 Nc8 11. Ba3 a6 12. cxd5 cxd5 13. Bd3 Bxd3 14. Qxd3 b5 15. Nc3
Qa5 16. Bb2 O-O 17. Ne2 Ne7 18. Nd2 b4 19. a4 Qb6 20. Kh1 a5 21. f4 g4 22. Ng3
Qa6 23. Qxa6 Rxa6 24. Rac1 Nb8 25. f5 Nxf5 26. Nxf5 exf5 27. Rxf5 Rc6 28. Rxc6
Nxc6 29. Rf1 Rc8 30. Rc1 h5 31. Nf1 Bh6 32. Rc5 Ne7 33. Rxc8+ Nxc8 34. Kg1 Kh7
35. Kf2 Kg6 36. Ke2 Ne7 37. Ne3 Bxe3 38. Kxe3 Kf5 39. Bc1 Ng6 40. g3 h4 41. Kd3
h3 42. Bh6 Nh4 43. Bf8 Nf3 0-1

[Event "25. Open Internacional de Parla 2010"]
[Site "Parla ESP"]
[Date "2010.09.11"]
[Round "8.10"]
[White "Montañes Arribas, Adrian"]
[Black "Perez Gonzalez, Jose Manuel"]
[Result "1/2-1/2"]
[WhiteElo "2114"]
[BlackElo "2318"]
[PlyCount "71"]
[EventDate "2010.09.04"]
[EventType "swiss"]
[EventRounds "9"]
[EventCountry "ESP"]
[Source "lmi"]
[SourceDate "2010.09.04"]

1. e4 c5 2. Nf3 d6 3. d4 cxd4 4. Nxd4 Nf6 5. Nc3 a6 6. f4 e5 7. Nf3 Nbd7 8. a4
Be7 9. Bd3 O-O 10. O-O exf4 11. Kh1 Nc5 12. Bxf4 Bg4 13. Be3 Rc8 14. Qd2 Bh5
15. Nd4 Bg6 16. Nf5 Re8 17. Nxe7+ Qxe7 18. Bxc5 Rxc5 19. Rf4 Re5 20. Raf1 Nxe4
21. Bxe4 Bxe4 22. Rxf7 Qxf7 23. Rxf7 Kxf7 24. Nxe4 Rxe4 25. Qd5+ Kf8 26. h3
R8e7 27. Qxd6 Rxa4 28. Qd8+ Re8 29. Qc7 Ra1+ 30. Kh2 Re7 31. Qc8+ Kf7 32. Qf5+
Kg8 33. Qc8+ Kf7 34. Qc4+ Kf8 35. Qf4+ Kg8 36. Qc4+ 1/2-1/2

[Event "25. Open Internacional de Parla 2010"]
[Site "Parla ESP"]
[Date "2010.09.11"]
[Round "8.11"]
[White "Longa Yauca, Javier"]
[Black "Arauz Alonso, Fernando"]
[Result "1-0"]
[WhiteElo "2313"]
[BlackElo "2098"]
[PlyCount "65"]
[EventDate "2010.09.04"]
[EventType "swiss"]
[EventRounds "9"]
[EventCountry "ESP"]
[Source "lmi"]
[SourceDate "2010.09.04"]

1. d4 d5 2. c4 c6 3. Nf3 Nf6 4. e3 Bg4 5. Qb3 Qb6 6. Ne5 Bf5 7. Nc3 e6 8. Bd2
Bd6 9. Nf3 O-O 10. c5 Qxb3 11. axb3 Bc7 12. b4 Nbd7 13. b5 e5 14. b4 Ne4 15.
Be2 Rfe8 16. bxc6 bxc6 17. Ra6 Nb8 18. Ra2 Nxd2 19. Kxd2 a5 20. Rha1 Na6 21.
Bxa6 Rxa6 22. b5 cxb5 23. Nxb5 Rc6 24. Nxc7 Rxc7 25. Nxe5 f6 26. Nd3 Bxd3 27.
Kxd3 Rb8 28. Rxa5 Rbb7 29. Kc3 Kf7 30. Ra6 Kg6 31. Rd6 Rb8 32. Rxd5 Rcb7 33. c6
1-0

[Event "25. Open Internacional de Parla 2010"]
[Site "Parla ESP"]
[Date "2010.09.11"]
[Round "8.12"]
[White "Ballesteros Gonzalez, David"]
[Black "Castejon Caballero, Andres"]
[Result "1-0"]
[WhiteElo "2196"]
[BlackElo "2077"]
[PlyCount "109"]
[EventDate "2010.09.04"]
[EventType "swiss"]
[EventRounds "9"]
[EventCountry "ESP"]
[Source "lmi"]
[SourceDate "2010.09.04"]

1. d4 Nf6 2. c4 g6 3. Nc3 d5 4. Nf3 Bg7 5. Bg5 Ne4 6. Bf4 Nxc3 7. bxc3 c5 8. e3
Qa5 9. Qd2 O-O 10. cxd5 cxd4 11. cxd4 Qxd5 12. Rc1 Nc6 13. Bc4 Qa5 14. Qxa5
Nxa5 15. Bd5 Bd7 16. O-O Rac8 17. Ne5 Bxe5 18. Bxe5 e6 19. Be4 Bb5 20. Rfd1 Bc4
21. Bd6 Rfd8 22. Be7 Re8 23. Bb4 b6 24. Bxa5 bxa5 25. Bb7 Rc7 26. Ba6 Rc6 27.
Rxc4 Rxa6 28. Rdc1 Rb8 29. Rc8+ Rxc8 30. Rxc8+ Kg7 31. g3 Kf6 32. Rc7 h5 33. h4
Kg7 34. Kg2 Kf6 35. Kf3 a4 36. a3 Ra5 37. Ke4 a6 38. f3 g5 39. Rc4 Kg6 40. Rc5
Rxc5 41. dxc5 gxh4 42. gxh4 Kf6 43. Kd4 Ke7 44. Kc4 Kd7 45. Kb4 Kc6 46. Kxa4
Kxc5 47. Ka5 Kc4 48. a4 Kb3 49. f4 f6 50. Kxa6 Kxa4 51. Kb6 Kb4 52. Kc6 Kc4 53.
Kd6 Kd3 54. Kxe6 Kxe3 55. f5 1-0

[Event "25. Open Internacional de Parla 2010"]
[Site "Parla ESP"]
[Date "2010.09.11"]
[Round "8.13"]
[White "Cerrato Torrijos, Maria"]
[Black "Garcia Salamero, Gabriel"]
[Result "1-0"]
[WhiteElo "2055"]
[BlackElo "2180"]
[PlyCount "55"]
[EventDate "2010.09.04"]
[EventType "swiss"]
[EventRounds "9"]
[EventCountry "ESP"]
[Source "lmi"]
[SourceDate "2010.09.04"]

1. e4 c5 2. Nc3 e6 3. Nge2 Nc6 4. d4 cxd4 5. Nxd4 Qc7 6. Be2 a6 7. O-O Nf6 8.
Be3 b5 9. Nxc6 dxc6 10. f4 b4 11. Na4 c5 12. c3 bxc3 13. Nxc3 Bb7 14. Bf3 Rd8
15. Qa4+ Nd7 16. f5 e5 17. f6 gxf6 18. Bg4 Be7 19. Rad1 Qc6 20. Qc2 Nb6 21.
Rxd8+ Bxd8 22. Rd1 Bc8 23. Bxc8 Qxc8 24. Nd5 Nxd5 25. Rxd5 Be7 26. Qa4+ Kf8 27.
Bh6+ Kg8 28. Rd3 1-0

[Event "25. Open Internacional de Parla 2010"]
[Site "Parla ESP"]
[Date "2010.09.11"]
[Round "8.14"]
[White "Piña Sierra, Jesus"]
[Black "Suarez Uriel, Adrian"]
[Result "0-1"]
[WhiteElo "2013"]
[BlackElo "2180"]
[PlyCount "42"]
[EventDate "2010.09.04"]
[EventType "swiss"]
[EventRounds "9"]
[EventCountry "ESP"]
[Source "lmi"]
[SourceDate "2010.09.04"]

1. f4 g6 2. Nf3 Bg7 3. e3 d6 4. d4 Nd7 5. e4 e5 6. Bc4 exd4 7. Ng5 Nh6 8. Bxf7+
Nxf7 9. Ne6 Qh4+ 10. g3 Qe7 11. Nxc7+ Kd8 12. Nxa8 Qxe4+ 13. Kf2 d3 14. c3 b6
15. Re1 Qxa8 16. Qxd3 Nc5 17. Qe2 Bh3 18. Kg1 Bf6 19. Na3 Nd3 20. Rd1 Re8 21.
Qd2 Qf3 0-1

[Event "25. Open Internacional de Parla 2010"]
[Site "Parla ESP"]
[Date "2010.09.11"]
[Round "8.15"]
[White "Prieto Martin, Alfonso"]
[Black "Tipter, Napoleon"]
[Result "1/2-1/2"]
[WhiteElo "2170"]
[BlackElo "2027"]
[PlyCount "40"]
[EventDate "2010.09.04"]
[EventType "swiss"]
[EventRounds "9"]
[EventCountry "ESP"]
[Source "lmi"]
[SourceDate "2010.09.04"]

1. e4 c5 2. c3 d5 3. exd5 Qxd5 4. d4 Nf6 5. Nf3 Nc6 6. Be2 e6 7. O-O Be7 8. h3
O-O 9. Be3 b6 10. c4 Qd8 11. dxc5 bxc5 12. Nc3 Qb6 13. Qc2 Nb4 14. Qc1 Bb7 15.
a3 Nc6 16. b4 Nd4 17. Bxd4 cxd4 18. c5 Qd8 19. Rd1 e5 20. Nxe5 Qc7 1/2-1/2

[Event "25. Open Internacional de Parla 2010"]
[Site "Parla ESP"]
[Date "2010.09.11"]
[Round "8.16"]
[White "Moreno Ibañez, Miguel"]
[Black "Nieto de la Cruz, Julio"]
[Result "1/2-1/2"]
[WhiteElo "1957"]
[BlackElo "2147"]
[PlyCount "229"]
[EventDate "2010.09.04"]
[EventType "swiss"]
[EventRounds "9"]
[EventCountry "ESP"]
[Source "lmi"]
[SourceDate "2010.09.04"]

1. e4 c5 2. Nf3 d6 3. d4 Nf6 4. Nc3 cxd4 5. Nxd4 Nc6 6. Bg5 Qa5 7. Bxf6 gxf6 8.
Nb3 Qg5 9. Nd5 Rb8 10. Qe2 Bg7 11. h4 Qe5 12. Nc3 f5 13. O-O-O fxe4 14. Qxe4
O-O 15. Bd3 f5 16. Qxe5 Nxe5 17. Be2 Rd8 18. Rhe1 e6 19. Nb5 d5 20. Nxa7 Bd7
21. Nb5 Ra8 22. Kb1 Rdc8 23. N5d4 Ra4 24. c3 Kf7 25. f4 Nc4 26. Bh5+ Kf6 27. g4
Nd6 28. g5+ Ke7 29. Bf3 Ne4 30. a3 Raa8 31. Bxe4 fxe4 32. Nc1 Rf8 33. Nce2 Rf7
34. Rg1 Raf8 35. b3 Ra8 36. Kb2 Ke8 37. h5 Bf8 38. a4 Bd6 39. Rdf1 Ke7 40. g6
Rf6 41. gxh7 Rh8 42. Rg7+ Rf7 43. Rfg1 Rxh7 44. Rxh7 Rxh7 45. Rh1 Kf6 46. Kc2
Be8 47. h6 Bf8 48. a5 Bxh6 49. b4 Bg6 50. b5 e3+ 51. Kb3 Bd3 52. Rh3 Bc4+ 53.
Kc2 Rh8 54. Rxe3 Re8 55. Rh3 Bf8 56. Ng3 Ra8 57. Rh7 Rxa5 58. Rxb7 Ra2+ 59. Kd1
Bc5 60. Nge2 Rb2 61. Rc7 Bxe2+ 62. Nxe2 Rxb5 63. Kc2 Bd6 64. Rc6 Ke7 65. Ra6
Rb8 66. Kd3 Rh8 67. Ra7+ Kf6 68. Ra6 Rh3+ 69. Kd2 Bc5 70. Ra4 Kf5 71. Nd4+ Kf6
72. Ne2 Be3+ 73. Kc2 Rf3 74. c4 d4 75. c5 d3+ 76. Kxd3 Bxc5+ 77. Kc2 Kf5 78.
Ra5 Ra3 79. Rxc5+ Kf6 80. Nc3 Ke7 81. Kd3 Ra1 82. Kd4 Rh1 83. Ne4 Rh4 84. Ke5
Rh1 85. Ra5 Re1 86. Ra7+ Ke8 87. Ra6 Kf7 88. Ra4 Ke7 89. Ra7+ Ke8 90. Rg7 Re2
91. Rg6 Kd7 92. Kd4 Re1 93. Rg3 Ke7 94. Ke5 Re2 95. Ra3 Re1 96. Ra7+ Ke8 97.
Ra3 Ke7 98. Rd3 Re2 99. Kd4 Re1 100. Ng5 Kf6 101. Ne4+ Ke7 102. Ng5 Kf6 103.
Nf3 Ra1 104. Ke4 Ra4+ 105. Rd4 Ra2 106. Rd2 Ra4+ 107. Nd4 Ra3 108. Rh2 Ra4 109.
Rh6+ Kf7 110. Rh7+ Kf6 111. Rb7 Ra6 112. Rc7 Ra4 113. Rc6 Kf7 114. Ke5 Ra5+
115. Ke4 1/2-1/2

[Event "25. Open Internacional de Parla 2010"]
[Site "Parla ESP"]
[Date "2010.09.11"]
[Round "8.18"]
[White "Cabañas Bravo, Juan Andres"]
[Black "Ortega Ruiz, Jose Miguel"]
[Result "0-1"]
[WhiteElo "2049"]
[BlackElo "2278"]
[PlyCount "44"]
[EventDate "2010.09.04"]
[EventType "swiss"]
[EventRounds "9"]
[EventCountry "ESP"]
[Source "lmi"]
[SourceDate "2010.09.04"]

1. e4 e5 2. f4 d5 3. Nf3 exf4 4. exd5 Bd6 5. Bb5+ Bd7 6. Qe2+ Ne7 7. O-O O-O 8.
Bxd7 Nxd7 9. c4 Re8 10. Qd1 Nf5 11. d4 Ne3 12. Bxe3 fxe3 13. Nc3 Bf4 14. Qd3
Bh6 15. Rae1 c5 16. dxc6 bxc6 17. Re2 g6 18. Nd1 Nc5 19. Qa3 Ne6 20. Qc3 Nf4
21. Rxe3 Rxe3 22. Nxe3 Ne2+ 0-1

[Event "25. Open Internacional de Parla 2010"]
[Site "Parla ESP"]
[Date "2010.09.11"]
[Round "8.19"]
[White "Gonzalez Tedin, Antonio"]
[Black "Quintero Torres, Pedro"]
[Result "1/2-1/2"]
[WhiteElo "2156"]
[BlackElo "2006"]
[PlyCount "40"]
[EventDate "2010.09.04"]
[EventType "swiss"]
[EventRounds "9"]
[EventCountry "ESP"]
[Source "lmi"]
[SourceDate "2010.09.04"]

1. c4 Nf6 2. Nc3 e5 3. g3 Nc6 4. Bg2 Bb4 5. Nd5 Bc5 6. e3 O-O 7. Ne2 d6 8. O-O
Bf5 9. d4 Bb6 10. a3 exd4 11. Nxb6 axb6 12. Nxd4 Be4 13. f3 Bg6 14. e4 Nxd4 15.
Qxd4 Re8 16. b4 Nd7 17. Bb2 f6 18. Rac1 Bf7 19. Rfe1 Ne5 20. Red1 Qe7 1/2-1/2